000 00603nam a2200229Ia 4500
003 OSt
005 20220923230239.0
006 a|||||r|||| 00| 0
007 ta
008 Pun
024 _a278,710
037 _cTextual
040 _aARTS
_cARTS
_bPun
041 _2Pun
_aPun
082 _aO153,3N38x, M0
100 _aਨਿਰਮਲ, ਚਾਣਨ ਸਿੰਘ
245 0 _aਪ੍ਰੀਤ ਦਰ
260 _c1980
650 _aਪੰਜਾਬੀ ਸਾਹਿਤ
942 _hO153,3N38x, M0
_cTEXL
_2CC
999 _c383480
_d383480